000
00306nam a2200097Ia 4500
008
220204s9999 xx 000 0 und d
082
_a
330.562
_b
IMP.2
245
0
_a
Import trade control policy for the year April 1975-March 1976, 1977-1978. V 2
260
_a
Delhi
_b
Manager of Publications
_c
1975
942
_c
BK
999
_c
23118
_d
23118